01276nam a2200277 a 450000100060000000300080000600500170001400800410003103500190007204000460009104100080013708200300014511000690017524503400024425000200058426000430060430000430064750400270069065000970071770000220081470000380083670000230087470000260089770000430092370000320096630542BD-RjUL20211209051559.0181209s1976 bg a b 000 0 eng  a(BD-RjUL)30628 aDLCcODaWUdOCoLCdTNJdDLCdBD-RjULbeng1 aeng00a631.4754923223bBAR 19761 aBangladesh. bMinistry of Agriculture. Department of Soil Survey10aReconnaissance soil survey of Sadar South and Cox's Bazar Subdivisions, Chittagong district, 1973 /cBangladesh. Ministry of Agriculture. Department of Soil Survey ; report prepared by Mahbubur Rahman and A. T. M. Tajul Islam ; edited by S. M. Saheed, Munirul Huq ; Appendix B compiled by Mustafizur Rahman ; Cartography: Ferdaus Khan aPreliminary ed. aDacca:bMinistry of Agriculture,c1976 aviii, 349 p. :bIll. ;c34 cm.e5 maps aReferences: p. 348-349 aSoil SurveyzSadar South and Cox's Bazar SubdivisionszChittagong DistrictzBangladeshy1973 a Rahman, Mahbubur aTajul Islam, A. T. M. , jt. auth. aSaheed, S. M., ed. a Huq, Munirul, jt ed. aRahman, Mustafizur, Comp. (Appendix B) aKhan, Ferdaus, Cartographer